| 000 | 00381nam a2200133Ia 4500 | ||
|---|---|---|---|
| 005 | 20260328101527.0 | ||
| 008 | 260328s9999||||xx |||||||||||||| ||und|| | ||
| 100 | _aKoenig, Gloria | ||
| 245 | 0 |
_aCharles and Ray Eames : _b Pioneros de la Modernidad del Siglo XX (1907-1978 / 1912-1988) / _cGloria Koenig |
|
| 260 | _bTaschen | ||
| 300 | _a96 p. | ||
| 650 | _aARQUITECTOS | ||
| 942 | _cBK | ||
| 999 |
_c9826 _d9826 |
||